000 00305 a2200109 4500
001 ART_33054
005 20260410161926.0
008 260409a
245 1 0 _aLas subvenciones agrícolas en el mundo
100 1 _aLagger, Patricio
773 0 _tLecturas
_g- Nº 12 (jun. 2008)
_wREV19328
999 _c28187
_d28187